Fr. Conceicao Rodrigues College of Engineering

The R.S-232 Solution (Record no. 24878)

MARC details
000 -LEADER
fixed length control field 00292nam a2200133Ia 4500
082 ## - DEWEY DECIMAL CLASSIFICATION NUMBER
Classification number 4.69
Item number CAM
100 ## - MAIN ENTRY--PERSONAL NAME
Personal name Campbell Joe
245 ## - TITLE STATEMENT
Title The R.S-232 Solution
260 ## - PUBLICATION, DISTRIBUTION, ETC.
Name of publisher, distributor, etc. B.P.B. Pub
Place of publication, distribution, etc. New Delhi
Date of publication, distribution, etc. 1990
546 ## - LANGUAGE NOTE
Language note ENGLISH
654 ## - SUBJECT ADDED ENTRY--FACETED TOPICAL TERMS
Focus term The R.S. 232 Solution
942 ## - ADDED ENTRY ELEMENTS (KOHA)
Koha item type BOOK
Holdings
Withdrawn status Lost status Damaged status Not for loan Collection Home library Current library Shelving location Date acquired Source of acquisition Cost, normal purchase price Inventory number Total Checkouts Full call number Barcode Date last seen Cost, replacement price Price effective from Koha item type
        CRC Fr. Agnel's C.Rodrigues College of Engineering Fr. Agnel's C.Rodrigues College of Engineering   17/03/2023 global books 150.00 96/14.01.94   4.69 CAM 5220 17/03/2023 150.00 17/03/2023 BOOK